[Event "Hannover-ch op"]
[Site "Isernhagen"]
[Date "2001.10.02"]
[Round "5"]
[White "Clever, Andreas"]
[Black "Walzak, Gerd"]
[Result "1-0"]
[WhiteElo "1738"]
[BlackElo "1556"]
[PlyCount "85"]
[EventDate "2001.09.29"]
[EventType "swiss"]
[EventRounds "7"]
[EventCountry "GER"]
[SourceTitle "EXT 2021"]
[Source "ChessBase"]
[SourceDate "2020.10.23"]
[SourceVersion "1"]
[SourceVersionDate "2020.10.23"]
[SourceQuality "1"]

1. d4 Nf6 2. Nf3 e6 3. Bg5 d5 4. e3 c5 5. Nbd2 cxd4 6. exd4 Be7 7. c3 Nc6 8. Bd3 Bd7 9. 0-0 Rc8 10. Rb1 a6 11. Qe2 Qa5 12. a3 b5 13. Ne5 Qc7 14. f4 h6 15. Bh4 Na5 16. f5 0-0 17. Rbe1 Rce8 18. Qf3 Ne4 19. Bxe7 Nxd2 20. Qf2 Nxf1 21. Bxf8 Rxf8 22. Qxf1 exf5 23. Bxf5 Bxf5 24. Qxf5 Re8 25. Rf1 f6 26. Ng4 Qf7 27. Rf3 Kh8 28. Ne3 Rd8 29. Rh3 Nc4 30. Nxc4 bxc4 31. Re3 Re8 32. Re5 Rxe5 33. dxe5 Qa7+ 34. Kf1 fxe5 35. Qxe5 Qb7 36. Qe2 a5 37. Ke1 a4 38. Qc2 Qb3 39. Qxb3 cxb3 40. Kd2 Kg8 41. Kd3 Kf7 42. Kd4 Ke6 43. Kc5 1-0

[Event "Hannover-ch op"]
[Site "Isernhagen"]
[Date "2001.10.02"]
[Round "6"]
[White "Walzak, Gerd"]
[Black "Floerchinger, Ludolf"]
[Result "1-0"]
[WhiteElo "1556"]
[BlackElo "1554"]
[PlyCount "68"]
[EventDate "2001.09.29"]
[EventType "swiss"]
[EventRounds "7"]
[EventCountry "GER"]
[SourceTitle "EXT 2021"]
[Source "ChessBase"]
[SourceDate "2020.10.23"]
[SourceVersion "1"]
[SourceVersionDate "2020.10.23"]
[SourceQuality "1"]

1. e4 d5 2. exd5 Nf6 3. Nc3 Nxd5 4. d4 Nc6 5. Bc4 e6 6. Nf3 g6 7. Qe2 Nxc3 8. bxc3 Na5 9. Bb5+ c6 10. Bd3 Bg7 11. Ba3 b6 12. 0-0 Bf8 13. Bxf8 Kxf8 14. h4 Nb7 15. Be4 Qc7 16. Ne5 Bd7 17. Qf3 Nd8 18. Qf6 Rg8 19. h5 Be8 20. hxg6 Qe7 21. Qf3 f5 22. gxh7 Qxh7 23. Qf4 Rh8 24. f3 Nf7 25. Nxf7 Bxf7 26. Bxc6 Rc8 27. Qd6+ Kg7 28. Qe5+ Kf8 29. Bb5 Rxc3 30. Bd3 Ke7 31. Bxf5 Qxf5 32. Qxh8 Rxc2 33. Qh4+ Kd7 34. Qe4 Qg5 1-0